Harvard business review interviews with CEOs

Bibliographic Details
Format: Book
Published: Boston : Harvard business schooll press , 2000
Subjects:

MARC

LEADER 00000cam a2200000 7i4500
001 0000011011
005 20050509.0
020 |a 157813294 
040 |a INS 
090 0 0 |a HD38.2.   |b H374 2000 
245 1 0 |a Harvard business review interviews with CEOs 
260 |a Boston :   |b Harvard business schooll press ,   |c 2000 
300 |a v :   |b 261p ;   |c 20cm. 
650 0 0 |a Chief executive officers 
650 0 0 |a Industrial management 
999 |a 0000010488   |b BOOK   |c Open Shelf   |e Default branch